Bedfordshire Places - Sudden Death - Statistics

General Stats
  • This quiz has been taken 35 times
  • The average score is 9 of 14
Answers on the Grid
Answers color-coded by a green-red scale on the quiz's grid according to % correct below.
Ampthill
Banbury
Barton-le-Clay
Bedford
Biggleswade
Bletchley
Cranfield
Dunstable
Filey
Flitwick
Frome
Goole
Houghton Regis
Huntingdon
Leighton Buzzard
Luton
Marston Moretaine
Matlock
Melton Mowbray
Morecambe
Rochdale
Sandy
Shefford
Stafford
Stamford
Stotfold
Tamworth
Tetbury
 
Answer Stats
Answer % Correct
Leighton Buzzard
90%
Bedford
86%
Luton
79%
Biggleswade
76%
Dunstable
72%
Sandy
69%
Ampthill
66%
Flitwick
59%
Barton-le-Clay
55%
Marston Moretaine
52%
Shefford
52%
Stotfold
52%
Houghton Regis
48%
Cranfield
38%
No matching quizzes found
Score Distribution
Percent of People with Each Score
Percentile by Number Answered
Your Score History
You have not taken this quiz